000 00439nam a22001697a 4500
005 20160615124618.0
008 160615b xxu||||| |||| 00| 0 eng d
020 _a81-259-1846-9
041 _aeng
082 _b7758
100 _aSengupta, Sailesh
_91982
245 _aManagement of public relations and Communication
260 _aNew Delhi
_bVikas Publishing House (P) Ltd.
300 _a440
650 _a245.00
_91983
942 _cBK
999 _c2774
_d2773